000 00748cas a22001935a 4500
001 L149428
008 070613c1963 xxkwr p 0 a0eng
022 1 _a0003-7893
035 _a(Sirsi) u149428
041 0 _aeng
245 _aArbitration International
_h[electronic resource]
260 _aNew York
_bAspen Publishers Inc
_c2003-
520 _aCoverage of important and controversial issues in international arbitration law.
651 4 _aUnited States
_y1959-
690 _aMANAGEMENT-DISPUTE AVOIDANCE, MANAGEMENT AND RESOLUTION-DISPUTE MANAGEMENT AND RESOLUTION-ARBITRATION
856 4 1 _uhttps://www.rics.org/profession-standards/knowledge-and-information-services
_zHow to access eJournals
942 _n0
_2ddc
948 _c18/02/1994
999 _c119249
_d119249